00600nam a2200169 a 450000500170000000800410001704100080005804400070006610000190007324501570009226000530024930000180030265000440032065000250036465000210038970000200041020160820020003.0131218b1998 ck ||||| |||| 00| 0 spa d aspa ack1 aCrizon, Isabel10aValoración comparada de la biodiversidad utilizada en cuatro sistemas de producción y extracción colombianos rurales contrastantescIsabel, Crizon aBogotábPontificia Universidad Javerianac1998 a78 p.c28 cm.24a Sistemas de información geográfica24aProductos forestales24aFibras vegetales1 aEtter, Andrés